000 00774nam a2200229Ia 4500
003 GCL
008 140319s9999 xx 000 0 ara d
020 _a1 059 399 977
040 _aGCL /
_cGCL
082 0 4 _a332.4042
_bز ع
100 1 _aزياد فايد
245 1 0 _aعملات لها تاريخ :
_bجمع العملة 00 هواية المشاهير /
_cزياد فايد
260 _aالقاهرة :
_bأطلس للنشر والانتاج الاعلامى ،
_c2006
300 _a80 ص ؛
_c24 سم
650 0 4 _aسك النقود
650 0 4 _aالعملات الذهبية
650 0 4 _aالعملات الفضية
650 0 4 _aالعملات - تاريخ
650 0 4 _aالنقود - جمع
650 0 4 _aالنقود - تزييف
942 _2ddc
_cBK
999 _c9353
_d9353